Loading...
| Science - Biology | 0 | 4 | 0 | 1 | 40 | 88 | 104.25 | 0 | 0 | 3.19 | 9.50 |
| Science - Chemistry | 0 | 4 | 0 | 0 | 40 | 66 | 81.25 | 0 | 1 | 8.64 | 17.00 |
| Science - Other | 0 | 3 | 1 | 0 | 25 | 93 | 100.67 | 0 | 0 | 2.56 | 9.00 |
| Philosophy | 0 | 2 | 0 | 0 | 20 | 121 | 125.50 | 0 | 0 | 0.72 | 7.50 |
| Fine Arts - Classical Music | 0 | 1 | 0 | 0 | 10 | 137 | 137.00 | 0 | 0 | 0.00 | 2.00 |
| Science - Physics | 0 | 1 | 0 | 0 | 10 | 125 | 125.00 | 0 | 0 | 0.57 | 1.00 |
| Fine Arts - Visual | 0 | 1 | 0 | 1 | 10 | 131 | 131.00 | 0 | 0 | 0.00 | 0.63 |
| Social Science | 0 | 1 | 1 | 0 | 5 | 116 | 116.00 | 0 | 1 | 0.00 | 3.00 |
| Geography/Current Events | 0 | 1 | 1 | 0 | 5 | 58 | 58.00 | 0 | 1 | 6.70 | 13.33 |
| History - World | 0 | 1 | 1 | 0 | 5 | 61 | 61.00 | 0 | 1 | 2.58 | 4.50 |
| Literature - World/Other | 0 | 0 | 0 | 0 | 0 | 0.00 | 0 | 0 | 0.00 | 0.00 | |
| History - Other | 0 | 0 | 0 | 0 | 0 | 0.00 | 0 | 0 | 0.00 | 0.00 | |
| Fine Arts - Other | 0 | 0 | 0 | 0 | 0 | 0.00 | 0 | 0 | 0.00 | 0.00 |